000 00848cem a22001935a 4500
001 L157047
008 120821s1809 xxkb f 000 0 eng d
035 _a(Sirsi) u157047
041 0 _aeng
100 1 _aLuffman, John
240 _aLuffman's faithful guide through London and places adjacent, in every direction from St. Paul's Cathedral
245 0 0 _aLuffman's London
_bextending from Blackwall in the East to Knightsbridge in the West & from Islington in the North, to Camberwell, South
_h[cartographic material]
260 _aLondon
_bSold by I. Luffman, 377, Strand & I. Burrup Royal Exch.
_c1809
300 _a1 map
_bdissected and mounted on linen, hand col, in slip case
_c43 x 77 cm., folded to 14 x 11 cm.
583 _aCondition reviewed
_c20120620
_lcondition level 4
651 4 _aLondon
690 _aGeomatics
_96242
942 _n0
999 _c114557
_d114557